Bridging Australia and Japan: Volume 1 (Record no. 351018)
[ view plain ]
| 000 -LEADER | |
|---|---|
| fixed length control field | 00655nam a2200133Ia 4500 |
| 008 - FIXED-LENGTH DATA ELEMENTS--GENERAL INFORMATION | |
| fixed length control field | 171212s9999 xx 000 0 und d |
| 020 ## - INTERNATIONAL STANDARD BOOK NUMBER | |
| International Standard Book Number | 9781760460860 |
| 245 ## - TITLE STATEMENT | |
| Statement of responsibility, etc | editor Stockwin, Arthur;Tamura, Keiko |
| Title | Bridging Australia and Japan: Volume 1 |
| Remainder of title | The writings of David Sissons, historian and political scientist |
| 260 ## - PUBLICATION, DISTRIBUTION, ETC. (IMPRINT) | |
| Name of publisher, distributor, etc | ANU E Press |
| Date of publication, distribution, etc | 2016 |
| 440 ## - SERIES STATEMENT/ADDED ENTRY--TITLE | |
| Title | Asian Studies Series |
| 650 ## - SUBJECT ADDED ENTRY--TOPICAL TERM | |
| Topical term or geographic name as entry element | History |
| 650 ## - SUBJECT ADDED ENTRY--TOPICAL TERM | |
| Topical term or geographic name as entry element | Sissons, D. C. S. (David Carlisle Stanley), 1925-2006; Emigration and immigration; International trade; Australia -- Relations -- Japan -- History; Japan -- Relations -- Australia -- History |
| 856 ## - ELECTRONIC LOCATION AND ACCESS | |
| Uniform Resource Identifier | <a href="http://jstor.org/stable/j.ctt1q1crmh">http://jstor.org/stable/j.ctt1q1crmh</a> |
| Withdrawn status | Lost status | Damaged status | Home library | Current library | Date acquired | Total Checkouts | Date last seen | Price effective from | Koha item type |
|---|---|---|---|---|---|---|---|---|---|
| College Library | College Library | 12/12/2017 | 12/12/2017 | 12/12/2017 | Curriculum - Based eBooks |